000 00687nam a2200229 i 4500
001 92700
003 ES-MaACL
005 20250813062717.0
007 t|
008 050419s1987 sp ||||1| spa d
020 _a84-206-3199-X
080 _a891.987(082.2)
245 0 0 _aTextos literarios hetitas /
_c[traducción], introducción y notas de Alberto Bernabé.
260 _aMadrid :
_bAlianza Editorial,
_c[1987]
300 _a316 p. ;
_c20 cm.
490 1 _aAlianza tres ;
_v199
650 1 7 _aLiteratura hitita
_2embne
_914615
700 1 _aBernabé, Alberto.
_928158
830 0 0 _aAlianza tres
_v199
_9177344
852 _aES-MaACL
_jE-11003
_bR.134964
999 _c92700
_d92700